000 01795 a2200205 4500
001 38041
005 20260407155646.0
008 260407a1994 arg spa d
003 AR-UNSa-BCEJYS
040 _aAR-UNSa-BCEJYS
_bspa
_cAR-UNSa-BCEJYS
080 _a911.3:33(82)
_xGeografía económica argentina
245 1 0 _aGeografía económica mundial y argentina
_pcon particular referencia a latinoamérica
250 _a5a. ed
264 1 _aBuenos Aires :
_bERGON
_c1994
300 _axxix, 479 p.
_c26 cm.
505 _a1. La realidad socioeconomica mundial - 2. La geografía económica y sus principios fundamentales - 3. Factores naturales indirectos - 4. Recursos naturales - 5. Estadistica demografica - 6. Dinámica demografica - 7. Instrumental de producción - 8. La energia - 9. Transporte y comunicaciones - 10. Acumulación y conservación de bienes - 11. Aspectos económicos de la agricultura - 12. Cereales - 13. Oleaginosas - 14. Fibras textiles - 15. Plantas sacariferas - 16. Plantas estimulantes - 17. Hortalizas, legumbres y frutales - 18. Ganaderia - 19. Avicultura - 20. Fauna terrestre y riqueza del mar - 21. Recursos forestales - 22. Explotación forestal - 23. La mineria en general - 24. Minerales metaliferos - 25. Minerales no metaliferos - 26. La mineria y la siderurgia en la argentina - 27. La industria en general - 28. Principales regiones industriales en el mundo - 29. Principales ramas de la industria - 30. La industria en la argentina - 31. Comercio internacional - 32. Corrientes comerciales y agrupamientos regionales en el mundo - 33. El comercio en la argentina - 34. Compendio de la economía argentina en el contexto mundial - 35. América latina.
942 _cBK
590 _aniveau_biblio:m niveau_hierar:0
100 1 _aCarlevari, Isidro J.F.
999 _c2842
_d2842